Vista normal
Vista MARC
Entrada Materia (personas)
Número de registros utilizados en: 1
001 - CONTROL NUMBER
- control field: 84999
003 - CONTROL NUMBER IDENTIFIER
- control field: Co-BoUCM
005 - DATE AND TIME OF LATEST TRANSACTION
- control field: 20170403103221.0
008 - FIXED-LENGTH DATA ELEMENTS
- fixed length control field: 170403|| aca||aabn | a|a d
040 ## - CATALOGING SOURCE
- Original cataloging agency: Co-BoUCM
- Transcribing agency: Co-BoUCM
100 ## - HEADING--PERSONAL NAME
- Personal name: Zamudio Periago, Ramón
670 ## - SOURCE DATA FOUND
- Source citation: Work cat.: (Co-BoUCM)73872: Zamudio Periago, Ramón, Prótesis, Ortesis y ayudas técnicas, 2009